[Event "Barcelona Sant Marti op-B 5th"]
[Site "Barcelona"]
[Date "2016.01.14"]
[Round "1"]
[White "Negreira Rodriguez, Daniel"]
[Black "Martinez Garcia, Lluis"]
[Result "1-0"]
[WhiteElo "1572"]
[BlackElo "1794"]
[PlyCount "87"]
[EventDate "2016.01.14"]
[EventType "swiss"]
[EventRounds "9"]
[EventCountry "ESP"]
[SourceTitle "EXT 2017"]
[Source "ChessBase"]
[SourceDate "2016.10.25"]
[SourceVersion "1"]
[SourceVersionDate "2016.10.25"]
[SourceQuality "1"]

1. d4 Nf6 2. Nc3 d5 3. Nf3 Bf5 4. g3 e6 5. Bg2 c5 6. 0-0 Nc6 7. e3 b6 8. Qe2 Be7 9. Qb5 Qd7 10. Ne5 Nxe5 11. dxe5 Ng4 12. Qxd7+ Kxd7 13. e4 dxe4 14. Nxe4 Nxe5 15. Rd1+ Kc7 16. Bf4 f6 17. h4 Rad8 18. Rd3 c4 19. Rc3 b5 20. a3 Rd4 21. Ng5 Rhd8 22. Bf3 Bd6 23. Be3 Nxf3+ 24. Nxf3 Rd1+ 25. Rxd1 Bg4 26. Bxa7 e5 27. b4 e4 28. Nd4 Bxd1 29. Ne6+ Kd7 30. Nxd8 Kxd8 31. Bd4 Ke7 32. Kf1 g6 33. Ke1 Bf3 34. Bc5 f5 35. Bxd6+ Kxd6 36. Kd2 h6 37. a4 Kc6 38. a5 g5 39. Ra3 Kb7 40. hxg5 hxg5 41. Ke3 Bd1 42. c3 Bc2 43. Ra2 Bd3 44. Ra1 1-0

[Event "Barcelona Sant Marti op-B 4th"]
[Site "Barcelona"]
[Date "2015.02.26"]
[Round "7"]
[White "Subirana Santos, Marc"]
[Black "Martinez Garcia, Lluis"]
[Result "1/2-1/2"]
[WhiteElo "1920"]
[BlackElo "1894"]
[PlyCount "131"]
[EventDate "2015.01.15"]
[EventType "swiss"]
[EventRounds "9"]
[EventCountry "ESP"]
[SourceTitle "EXT 2016"]
[Source "ChessBase"]
[SourceDate "2015.10.08"]
[SourceVersion "1"]
[SourceVersionDate "2015.10.08"]
[SourceQuality "1"]

1. c4 e5 2. Nc3 Nf6 3. d3 d5 4. cxd5 Nxd5 5. g3 Nc6 6. Bg2 Be6 7. Nf3 Nb6 8. 0-0 Be7 9. a3 a5 10. Bd2 0-0 11. h3 f6 12. Rc1 Qd7 13. Kh2 Rad8 14. Ne4 Nd4 15. Nxd4 exd4 16. Nc5 Bxc5 17. Rxc5 a4 18. Qc1 Rf7 19. h4 Bg4 20. Bf4 c6 21. Re1 Re7 22. Qc2 Rde8 23. e4 dxe3 24. Bxe3 Bf5 25. Rd1 Nd5 26. Bxd5+ cxd5 27. Qc3 h6 28. Qd4 Be6 29. Rdc1 b5 30. Qf4 Bf5 31. Rc7 Qe6 32. Rxe7 Rxe7 33. Qb8+ Kf7 34. Qxb5 Qd7 35. Qxd7 Rxd7 36. d4 Rb7 37. Rc5 Rxb2 38. Rxd5 Be4 39. Ra5 Rb1 40. g4 Rh1+ 41. Kg3 Rg1+ 42. Kf4 Bc2 43. d5 g5+ 44. hxg5 hxg5+ 45. Kf3 Bd1+ 46. Ke4 Bc2+ 47. Kd4 Rxg4+ 48. Kc5 Re4 49. Kd6 Re7 50. Rc5 Bf5 51. Rc7 Rxc7 52. Kxc7 Ke8 53. Bd4 g4 54. Bxf6 Bd7 55. Bh4 Bb5 56. Kd6 Bd7 57. Kc5 Bf5 58. Kd4 Kd7 59. Ke5 Bc2 60. Bg3 Bd1 61. Kd4 Bb3 62. Bf4 Bd1 63. Kd3 Bb3 64. d6 Bd1 65. Kd2 Bb3 66. Ke2 1/2-1/2

[Event "Barcelona Sant Marti op-B 4th"]
[Site "Barcelona"]
[Date "2015.01.15"]
[Round "1"]
[White "Tomas Martinez, Angel"]
[Black "Martinez Garcia, Lluis"]
[Result "0-1"]
[WhiteElo "1724"]
[BlackElo "1894"]
[PlyCount "76"]
[EventDate "2015.01.15"]
[EventType "swiss"]
[EventRounds "9"]
[EventCountry "ESP"]
[SourceTitle "EXT 2016"]
[Source "ChessBase"]
[SourceDate "2015.10.08"]
[SourceVersion "1"]
[SourceVersionDate "2015.10.08"]
[SourceQuality "1"]

1. Nf3 Nf6 2. c4 c5 3. Nc3 Nc6 4. d4 cxd4 5. Nxd4 Nxd4 6. Qxd4 e6 7. Bg5 Be7 8. 0-0-0 a6 9. Na4 Qa5 10. Nb6 Bc5 11. Nxa8 Bxd4 12. Rxd4 Qxg5+ 13. e3 Qc5 14. a3 Kd8 15. b4 Qa7 16. c5 Qxa8 17. Rd6 Ne4 18. Rd4 f5 19. f3 Nc3 20. Kb2 Nb5 21. Rd3 Qb8 22. a4 Qe5+ 23. Kb3 Nc7 24. g3 Ke7 25. Bg2 Rd8 26. f4 Qf6 27. Rc1 e5 28. Rd6 Qf7+ 29. Ka3 e4 30. Bf1 b5 31. cxb6 Kxd6 32. Rxc7 Qf6 33. Ka2 Ke7 34. b7 Bxb7 35. Rxb7 Qc3 36. Bxa6 Rc8 37. a5 Qc2+ 38. Ka1 Rc3 0-1

[Event "Barcelona Edami op 8th"]
[Site "Barcelona"]
[Date "2010.03.16"]
[Round "7.5"]
[White "Prats Rodriguez, Juan Bosco"]
[Black "Martinez Garcia, Lluis"]
[Result "0-1"]
[WhiteElo "2089"]
[BlackElo "1911"]
[PlyCount "103"]
[EventDate "2010.02.02"]
[EventType "swiss"]
[EventRounds "8"]
[EventCountry "ESP"]
[SourceTitle "EXT 2024"]
[Source "ChessBase"]
[SourceDate "2023.10.10"]
[SourceVersion "1"]
[SourceVersionDate "2023.10.10"]
[SourceQuality "1"]

1. e4 d5 2. exd5 Qxd5 3. Nc3 Qa5 4. d4 Nf6 5. Nf3 Bg4 6. h3 Bxf3 7. Qxf3 c6 8. a3 e6 9. Bc4 Nbd7 10. 0-0 Bd6 11. Bf4 Qc7 12. Bxd6 Qxd6 13. Rad1 0-0 14. Rfe1 Nb6 15. Bb3 Nbd5 16. Ne2 b5 17. c3 a5 18. Bc2 Rac8 19. Nc1 Rfe8 20. Nd3 Qc7 21. Re2 a4 22. Rde1 Nd7 23. Bb1 c5 24. dxc5 Nxc5 25. Ne5 Nf6 26. g4 Qb7 27. Qg3 Rcd8 28. Qh4 h6 29. f4 Nb3 30. g5 hxg5 31. fxg5 Nd7 32. Qh7+ Kf8 33. Qh8+ Ke7 34. Qxg7 Nxe5 35. Qf6+ Kf8 36. Qxe5 Qb6+ 37. Kh2 Qd6 38. Qxd6+ Rxd6 39. g6 fxg6 40. Bxg6 Re7 41. Rf2+ Kg7 42. Rg1 Rd2 43. Bd3+ Kh6 44. Rxd2 Nxd2 45. Rg3 e5 46. Bxb5 e4 47. Re3 Rb7 48. Be2 Rxb2 49. Kg3 Rb3 50. Kf4 Rxa3 51. Ke5 Ra1 52. Kd4 0-1

[Event "Barcelona Amateur op-E 7th"]
[Site "Barcelona"]
[Date "2009.03.03"]
[Round "5"]
[White "Molano Lafuente, Ismael"]
[Black "Martinez Garcia, Lluis"]
[Result "1-0"]
[WhiteElo "2087"]
[BlackElo "1903"]
[PlyCount "85"]
[EventDate "2009.02.03"]
[EventType "swiss"]
[EventRounds "8"]
[EventCountry "ESP"]
[SourceTitle "EXT 2011"]
[Source "ChessBase"]
[SourceDate "2010.11.26"]
[SourceVersion "1"]
[SourceVersionDate "2010.11.26"]
[SourceQuality "1"]

1. e4 c5 2. Nf3 d6 3. d4 cxd4 4. Qxd4 Nc6 5. Bb5 a6 6. Bxc6+ bxc6 7. c4 e6 8. Nc3 c5 9. Qd3 Bb7 10. 0-0 Qc7 11. Be3 Nf6 12. Rad1 Be7 13. h3 0-0 14. Nh2 Qc6 15. f3 Rfd8 16. Qe2 Rd7 17. Rd2 Rad8 18. Rfd1 d5 19. e5 Ne8 20. Bf2 Nc7 21. Bg3 f6 22. exf6 Bxf6 23. Ng4 Bd4+ 24. Rxd4 cxd4 25. Ne5 Qd6 26. c5 Qe7 27. Na4 Qg5 28. Nxd7 Qxg3 29. Ne5 Qf4 30. c6 Ba8 31. Nc5 Qe3+ 32. Kf1 Qxe2+ 33. Kxe2 Kf8 34. Rxd4 Ke7 35. b4 Rd6 36. Rf4 Nb5 37. Rf7+ Ke8 38. c7 Nxc7 39. Rxc7 Rd8 40. Nxe6 Rb8 41. Nxg7+ Kf8 42. Ne6+ Ke8 43. Ng4 1-0

[Event "Barcelona Amateur op-E 7th"]
[Site "Barcelona"]
[Date "2009.02.17"]
[Round "3"]
[White "Moranta Miro, Antoni"]
[Black "Martinez Garcia, Lluis"]
[Result "0-1"]
[WhiteElo "2033"]
[BlackElo "1903"]
[PlyCount "124"]
[EventDate "2009.02.03"]
[EventType "swiss"]
[EventRounds "8"]
[EventCountry "ESP"]
[SourceTitle "EXT 2011"]
[Source "ChessBase"]
[SourceDate "2010.11.26"]
[SourceVersion "1"]
[SourceVersionDate "2010.11.26"]
[SourceQuality "1"]

1. d4 d5 2. c4 c6 3. Nf3 Nf6 4. Nc3 e6 5. e3 Nbd7 6. Qc2 Bd6 7. g4 e5 8. g5 Nh5 9. cxd5 cxd5 10. Nxd5 Qa5+ 11. Nc3 exd4 12. Qe4+ Kd8 13. Qxd4 Bc5 14. Qd5 f6 15. Bd2 Bb4 16. Qxa5+ Bxa5 17. Nd5 Bxd2+ 18. Kxd2 Nc5 19. gxf6 Ne4+ 20. Ke1 Nhxf6 21. Nxf6 Nxf6 22. Rd1+ Ke7 23. Bc4 Bg4 24. Be2 Rac8 25. Nd4 g6 26. Bxg4 Nxg4 27. h3 Ne5 28. Ke2 Rc7 29. Rc1 Rhc8 30. Rxc7+ Rxc7 31. b3 Nc6 32. Rd1 Nxd4+ 33. Rxd4 Rc2+ 34. Rd2 Rc5 35. Kf3 Ke6 36. Rd4 Rh5 37. Kg3 Rb5 38. Rc4 Kf6 39. h4 h5 40. b4 a5 41. a3 axb4 42. Rxb4 Ra5 43. a4 Ra6 44. Kf4 Ra5 45. e4 Ra6 46. f3 b6 47. e5+ Ke6 48. Ke4 Ke7 49. f4 Ke6 50. Rd4 Ke7 51. Kd5 Kd7 52. Rc4 Ra5+ 53. Ke4 b5 54. Rd4+ Ke7 55. axb5 Rxb5 56. f5 gxf5+ 57. Kxf5 Rc5 58. Re4 Rc8 59. Kg6 Ke6 60. Kxh5 Kf5 61. Kh6 Kxe4 62. e6 Ke5 0-1

[Event "Barcelona Amateur op-E 7th"]
[Site "Barcelona"]
[Date "2009.02.10"]
[Round "2"]
[White "Martinez Garcia, Lluis"]
[Black "Tarrago Domingo, Miguel"]
[Result "1/2-1/2"]
[WhiteElo "1903"]
[BlackElo "2072"]
[PlyCount "56"]
[EventDate "2009.02.03"]
[EventType "swiss"]
[EventRounds "8"]
[EventCountry "ESP"]
[SourceTitle "EXT 2011"]
[Source "ChessBase"]
[SourceDate "2010.11.26"]
[SourceVersion "1"]
[SourceVersionDate "2010.11.26"]
[SourceQuality "1"]

1. d4 Nf6 2. g4 d5 3. g5 Nfd7 4. Bg2 e6 5. e4 dxe4 6. Bxe4 c5 7. Be3 Nc6 8. Nf3 Qb6 9. b3 cxd4 10. Nxd4 Nxd4 11. Qxd4 Qxd4 12. Bxd4 e5 13. Bb2 Be7 14. h4 h6 15. g6 Nf6 16. gxf7+ Kxf7 17. Bg2 e4 18. Nd2 Bf5 19. 0-0-0 Rhd8 20. Bxf6 Bxf6 21. Nxe4 Bxe4 22. Bxe4 Rab8 23. Rxd8 Bxd8 24. h5 b6 25. f4 Bc7 26. f5 Rd8 27. Bd3 Be5 28. Kd1 Ke7 1/2-1/2

[Event "Barcelona Sants op 07th"]
[Site "Barcelona"]
[Date "2005.08.27"]
[Round "1"]
[White "Martinez Garcia, Lluis"]
[Black "Handke, Florian"]
[Result "0-1"]
[WhiteElo "2027"]
[BlackElo "2460"]
[PlyCount "61"]
[EventDate "2005.08.27"]
[EventType "swiss"]
[EventRounds "10"]
[EventCountry "ESP"]
[SourceTitle "CBM 108 Extra"]
[Source "ChessBase"]
[SourceDate "2005.11.04"]
[SourceVersion "1"]
[SourceVersionDate "2005.11.04"]
[SourceQuality "1"]

1. e4 c5 2. Nf3 e6 3. d4 cxd4 4. Nxd4 a6 5. Nc3 Qc7 6. Bd3 Bc5 7. Nb3 Be7 8. f4 b5 9. a3 Bb7 10. Be3 d6 11. Qd2 Nf6 12. h3 Nbd7 13. 0-0-0 Nb6 14. Bxb5+ axb5 15. Nxb5 Qc6 16. Nxd6+ Bxd6 17. Qxd6 Qxd6 18. Rxd6 Nc4 19. Rd3 Bxe4 20. Rc3 Bxg2 21. Rh2 Nxe3 22. Rxe3 Nd5 23. Rg3 Be4 24. Rxg7 Bg6 25. c4 Nxf4 26. c5 Kf8 27. Rxg6 hxg6 28. h4 f5 29. c6 Rxh4 30. Rd2 Rc8 31. Na5 0-1